00712nam a22001817a 4500003000900000008004100009040007100050082002700121100001900148245004100167260004600208300005200254505016500306650001300471650001100484650001400495700002100509AR-CdUCM190329b ||||| |||| 00| 0 spa d aMUNICIPALIDAD PROVINCIAL DEL CUSCOcBIBLIOTECA MUNICIPAL DEL CUSCO a784.9482 /bG14 / 1951 aGaleano, E. C. aPrimer solfeo folklorico Argentino / aBuenos Aires :bRicordi Americana,c1951. a10 paginas ;bilustraciones, graficos, c23 cm. aContenido: v.3: Basado en la ritmica del folklore Argentino -- v.2: Dedicado a la memoria del libertador general don jose de san martin dentenario de su muerte  aFolklore aMusica aArgentina aBareilles, O. S.